| 000 | 00587nam a2200145Ia 4500 | ||
|---|---|---|---|
| 008 | 151213s9999 xx 000 0 und d | ||
| 100 | _aমোছাাম্মত আমেনা বেগম। | ||
| 245 |
_aমহিলাদের ওয়াজ । _cমোছাাম্মত আমেনা বেগম। |
||
| 260 |
_aঢাকা _bএমদাদিয়া লাইব্রেরী। _c2007 |
||
| 300 | _a10975 p. | ||
| 650 | _aBangla | ||
| 650 | _aইসলামী বই | ||
| 700 | _aমোছাাম্মত আমেনা বেগম। | ||
| 999 |
_c4947 _d4947 |
||